Medzinárodná ekonomická integrácia v Afrike diplomová práca

Salvato in:
Dettagli Bibliografici
Autore principale: Ďuríková, Ema
Ente Autore: Obchodná fakulta EU. Katedra medzinárodného obchodu
Altri autori: Baumgartner, Boris
Natura: Libro
Lingua:slovacco
Pubblicazione: Bratislava 2014
Tags: Aggiungi Tag
Nessun Tag, puoi essere il primo ad aggiungerne!!

MARC

LEADER 00000nbm a2200000 4500
001 0185985
005 20170201094245.3
041 0 |a slo 
044 |a SK 
245 1 0 |a Medzinárodná ekonomická integrácia v Afrike  |b diplomová práca  |c Ema Ďuríková ; školiteľ: Boris Baumgartner 
264 1 |a Bratislava  |c 2014 
300 |a 75 s. 
100 1 |a Ďuríková, Ema 
700 1 |a Baumgartner, Boris 
710 2 |a Obchodná fakulta EU. Katedra medzinárodného obchodu